Paul Le Guen's Paris Saint-Germain - Statistics

General Stats
  • This quiz has been taken 5 times
  • The average score is 23 of 45
Answer Stats
Rank Player Position Nationality Matches Goals Assists % Correct
17 Mario Yepes Centre-Back 43 1 1
100%
21 Mateja Kežman Centre-Forward 35 8 4
100%
10 Pauleta Centre-Forward 56 24 2
100%
38 Apoula Edel Goalkeeper 4 0 0
67%
12 Bernard Mendy Right-Back 50 5 4
67%
34 Bonaventure Kalou Right Winger 13 1 1
67%
36 Boukary Dramé Left-Back 11 0 0
67%
7 Ceará Right-Back 91 1 8
67%
19 Claude Makélélé Defensive Midfield 40 0 1
67%
8 Clément Chantôme Defensive Midfield 86 2 7
67%
31 Cristian Rodríguez Left Midfield 16 2 1
67%
26 Édouard Cissé Defensive Midfield 23 2 0
67%
15 Guillaume Hoarau Centre-Forward 47 20 6
67%
45 Jean-Eudes Maurice Centre-Forward 1 0 0
67%
4 Jérémy Clément Defensive Midfield 107 3 4
67%
39 Jérôme Alonzo Goalkeeper 4 0 0
67%
3 Jérôme Rothen Left Midfield 113 10 29
67%
18 Ludovic Giuly Right Winger 42 9 6
67%
11 Mamadou Sakho Centre-Back 51 1 0
67%
1 Mickaël Landreau Goalkeeper 123 0 0
67%
5 Péguy Luyindula Centre-Forward 106 21 10
67%
22 Pierre-Alain Frau Centre-Forward 34 4 3
67%
16 Sammy Traoré Centre-Back 46 3 2
67%
13 Stéphane Sessègnon Attacking Midfield 49 8 8
67%
2 Sylvain Armand Left-Back 123 4 9
67%
6 Zoumana Camara Centre-Back 98 1 0
67%
9 Amara Diané Right Winger 67 18 5
33%
27 David N'Gog Centre-Forward 23 3 1
33%
25 David Rozehnal Centre-Back 24 0 0
33%
29 Didier Digard Defensive Midfield 19 0 0
33%
41 Éverton Santos Centre-Forward 3 0 0
33%
20 Fabrice Pancrate Right Winger 39 2 1
33%
33 Granddi N'Goyi Defensive Midfield 14 0 0
33%
14 Grégory Bourillon Centre-Back 48 0 3
33%
35 Larrys Mabiala Centre-Back 12 1 0
33%
23 Loris Arnaud Centre-Forward 28 4 0
33%
24 Marcelo Gallardo Attacking Midfield 26 2 1
33%
30 Souza Attacking Midfield 17 0 3
33%
40 Yannick Boli Centre-Forward 4 1 0
33%
28 Younousse Sankharé Central Midfield 21 0 2
33%
32 Youssouf Mulumbu Defensive Midfield 14 0 0
33%
43 David Hellebuyck Central Midfield 1 0 0
0%
42 Maxime Partouche Attacking Midfield 3 0 0
0%
44 Samuel Piètre Right Winger 1 0 0
0%
37 Tripy Makonda Left-Back 8 0 0
0%
No matching quizzes found
Score Distribution
Percent of People with Each Score
Percentile by Number Answered
Your Score History
You have not taken this quiz